000
00375nam a2200133Ia 4500
003
GCL
008
140319s9999 xx 000 0 ara d
040
_a
GCL /
_c
GCL
082
0
4
_a
811.009
_b
م ق
100
1
_a
مدحت الجيار
245
1
0
_a
قصيدة المنفى: دراسة فى شعر رواد الاحياء /
_c
مدحت الجيار
300
_a
212 ص
490
_a
999
_c
37932
_d
37932